Spravodlivosť spotrebných daní
Príspevok poukazuje na spravodlivosť spotrebných daní ako aj na to, či daň môže byť horizontálne spravodlivá a zároveň efektívna a akú úlohu zohráva rovnosť šancí pri spravodlivosti zdaňovania.
Guardado en:
| Autor principal: | |
|---|---|
| Formato: | Capítulo de libro |
| Lenguaje: | eslovaco |
| Materias: | |
| Etiquetas: |
Sin Etiquetas, Sea el primero en etiquetar este registro!
|
MARC
| LEADER | 00000naa$a2200000$$$4500 | ||
|---|---|---|---|
| 001 | 0111291 | ||
| 005 | 20240502072230.9 | ||
| 041 | 0 | |a slo | |
| 044 | |a SK | ||
| 245 | 1 | 0 | |a Spravodlivosť spotrebných daní |c Juraj Válek |
| 520 | |a Príspevok poukazuje na spravodlivosť spotrebných daní ako aj na to, či daň môže byť horizontálne spravodlivá a zároveň efektívna a akú úlohu zohráva rovnosť šancí pri spravodlivosti zdaňovania. | ||
| 610 | 2 | 0 | |a dane spotrebné |
| 610 | 2 | 0 | |a spravodlivosť daňová |
| 610 | 2 | 0 | |a systémy daňové |
| 610 | 2 | 0 | |a efektívnosť ekonomická |
| 610 | 2 | 0 | |a Slovensko |
| 100 | 1 | |a Válek, Juraj, 1981- | |